Quality Control of Packaging Materials in the Pharmaceutical Industry (Record no. 1085)

MARC details
000 -LEADER
fixed length control field 00967pam a2200289 a 4500
001 - CONTROL NUMBER
control field 2942266
003 - CONTROL NUMBER IDENTIFIER
control field OSt
005 - DATE AND TIME OF LATEST TRANSACTION
control field 20180430180158.0
008 - FIXED-LENGTH DATA ELEMENTS--GENERAL INFORMATION
fixed length control field 900829s1991 nyua 001 0 eng c
010 ## - LIBRARY OF CONGRESS CONTROL NUMBER
LC control number 90014007
020 ## - INTERNATIONAL STANDARD BOOK NUMBER
International Standard Book Number 0824782437 (alk. paper)
040 ## - CATALOGING SOURCE
Original cataloging agency DNLM/DLC
Transcribing agency DLC
Modifying agency DLC
050 00 - LIBRARY OF CONGRESS CALL NUMBER
Classification number RS159.5
Item number .H37 1991
060 ## - NATIONAL LIBRARY OF MEDICINE CALL NUMBER
Classification number QV 825 H255q
082 00 - DEWEY DECIMAL CLASSIFICATION NUMBER
Classification number QV 825 H212q 2008
Edition number 20
100 1# - MAIN ENTRY--PERSONAL NAME
Personal name Harburn, Kenneth
Dates associated with a name 1947-
9 (RLIN) 2938
245 10 - TITLE STATEMENT
Title Quality Control of Packaging Materials in the Pharmaceutical Industry
260 ## - PUBLICATION, DISTRIBUTION, ETC. (IMPRINT)
Place of publication, distribution, etc. New York :
Name of publisher, distributor, etc. ASQC Quality Press,
Date of publication, distribution, etc. c1991.
300 ## - PHYSICAL DESCRIPTION
Extent vii, 183 p. :
Other physical details ill. ;
Dimensions 24 cm.
440 #0 - SERIES STATEMENT/ADDED ENTRY--TITLE
Title Packaging and converting technology ;
Volume/sequential designation 4
9 (RLIN) 2939
504 ## - BIBLIOGRAPHY, ETC. NOTE
Bibliography, etc Includes index.
650 #2 - SUBJECT ADDED ENTRY--TOPICAL TERM
Topical term or geographic name as entry element Quality Control.
9 (RLIN) 2942
650 #2 - SUBJECT ADDED ENTRY--TOPICAL TERM
Topical term or geographic name as entry element Pharmaceuticals
9 (RLIN) 5840
856 42 - ELECTRONIC LOCATION AND ACCESS
Materials specified Publisher description
Uniform Resource Identifier http://www.loc.gov/catdir/enhancements/fy0647/90014007-d.html
906 ## - LOCAL DATA ELEMENT F, LDF (RLIN)
a 7
b cbc
c orignew
d 1
e ocip
f 19
g y-gencatlg
942 ## - ADDED ENTRY ELEMENTS (KOHA)
Source of classification or shelving scheme Other/Generic Classification Scheme
Koha item type Short Loan
Holdings
Withdrawn status Lost status Source of classification or shelving scheme Damaged status Not for loan Home library Current library Date acquired Source of acquisition Inventory number Total Checkouts Full call number Barcode Date last seen Price effective from Koha item type
    Other/Generic Classification Scheme     MUST Main Library MUST Main Library 25/02/2015   2008/28517   QV 825 H212q 2008 2015-0367 25/02/2015 25/02/2015 Short Loan
    Other/Generic Classification Scheme     MUST Main Library MUST Main Library 15/06/2016   08/29518.   QV 825 H212q 2008 2016-2503 15/06/2016 15/06/2016 Open Shelf